Çanakkale geçilmez (Record no. 1131)

MARC details
000 -BAŞLIK
Sabit Uzunlukta Kontrol Alanı 00763na a2200253 4500
001 - KONTROL NUMARASI
Denetim Alanı 16709
003 - KONTROL NUMARASI IDENTIFIER
Denetim Alanı MIRAKIL
005 - SON İŞLEM TARİHİ VE ZAMANI
Denetim Alanı 20181213154813.0
008 - SABİT-BOY VERİ ELEMANLARI - GENEL BİLGİLER
Sabit Uzunlukta Kontrol Alanı 161013b tu 000 0
020 ## - ULUSLARARASI STANDART KİTAP NUMARASI
Uluslararası Standart Kitap Numarası 9757811556
040 ## - KATALOGLAMA KAYNAK
Orijinal Kataloglama Ajansı Milas
Kataloglama Dili tur
Metne Dönüştürmek Ajansı TR-AnCHP
041 ## - DİL KODU
Metin / Ses Parça Veya Ayrı Başlığın Dil Kodu tur
082 ## - DEWEY ONLU SINIFLANDIRMA NUMARASI
Sınıflandırma Numarası 956.101543
Ürün Numarası İ71ç 2006
090 ## - SINIFLAMA NUMARASI
Sınıflama Numarası 956.101543 İ71ç 2006
100 ## - ANA GİRİŞ - KİŞİSEL İSİM
Kişisel Ad İşçi, Rifat
245 ## - BAŞLIK TABLOSU
Başlık Çanakkale geçilmez
Başlığın Kalan Şu mert ve kahraman Türkler
Sorumluluk Tablosu, Vb Rifat İşçi
246 ## - UNVAN FORM VARYING
Başlık Doğru / Kısa Başlığı Şu mert ve kahraman Türkler
260 ## - YAYIN, DAĞITIM, VB
Yayın, Dağıtım, Vb Yeri İzmit
Yayıncı, Dağıtıcı, Vs Adı Ulusal Tarih Kültür Arşiv Yayınları
Yayın, Dağıtım, Vb Tarihi 2006
300 ## - FİZİKSEL TANIM
Kapsam 296 s.
Diğer Fiziksel Ayrıntıları fotg. ; hrt.
Boyutlar 27 sm.
500 ## - GENEL NOT
Genel Not Yapıt yazarından imzalıdır.
504 ## - KAYNAKÇA VB NOT
Kaynakça Vb Notu Kaynakça var.
650 ## - KONU KATMA GİRİŞ - TOPİKAL DÖNEM
Topikal Süreli Veya Coğrafi Ad Giriş Elemanı Çanakkale Savaşları
Genel Alt Bölümü Tarih
942 ## - EKLENDİ GİRİŞ ELEMANLARI (KOHA)
Sınıflandırma Veya Raf Düzeni Kaynak Dewey Decimal Classification
Koha Öğesi Türü Books
999 ## - SİSTEM KONTROL NUMARALARI (KOHA)
Koha Biblionumber 1131
Koha Biblioitemnumber 1131
Holdings
Kalıcı Konum Mevcut Konum Edinme Tarihi Edinim Kaynak Toplam Check-Out'Lar Tam Çağrı Numarası Barkod Tarih Son Görülme İtibaren Geçerli Fiyatlar Koha Öğesi Türü
CHP Kütüphanesi CHP Kütüphanesi 10/10/2016 Bağış   956.101543 İ71ç 2006 006693 10/10/2016 10/10/2016 Books